| 000 | 00540nam a22002057a 4500 | ||
|---|---|---|---|
| 999 |
_c21420 _d21420 |
||
| 003 | OSt | ||
| 005 | 20210608093951.0 | ||
| 008 | 170127b xxu||||| |||| 00| 0 eng d | ||
| 020 | _a0134575164 | ||
| 040 |
_aMMU _beng _cMMU _dMMU |
||
| 050 | _aTK7881.343 1996 | ||
| 100 | _aMaloney, Timothy J | ||
| 245 |
_aModern indusrial electronics / _cTimothy J.Maloney |
||
| 250 | _a3rd ed. | ||
| 260 |
_aColumbus: _bPrintice Hall, _c1996. |
||
| 300 | _axxi,847 p. : | ||
| 500 | _aIncludes index | ||
| 650 | _aElectronics | ||
| 942 |
_2lcc _cLOAN LOAN |
||